MARC

LEADER 00000naa2a2200000 4500
001 634173
005 20231101133810.0
035 |a (RuTPU)RU\TPU\conf\35958 
035 |a RU\TPU\conf\35957 
090 |a 634173 
100 |a 20220412d2021 k y0rusy50 ba 
101 0 |a eng 
102 |a RU 
105 |a y z 101zy 
135 |a drgn ---uucaa 
181 0 |a i  
182 0 |a b 
200 1 |a Design of a power unit of a nuclear power plant with a VVER reactor with an electrical capacity of 1300 MW  |f Ahmed Elsayed Abdelsatar Elsayed 
203 |a Текст  |c электронный 
225 1 |a Производство тепловой и электрической энергии 
230 |a 1 компьютерный файл (pdf; 485 Kb) 
300 |a Заглавие с экрана 
320 |a [Библиогр.: с. 228-229 (3 назв.)] 
463 0 |0 (RuTPU)RU\TPU\conf\35907  |t Бутаковские чтения  |o материалы I Всероссийской с международным участием молодежной конференции, 15-16 декабря 2021 г., Томск  |f Национальный исследовательский Томский политехнический университет, Инженерная школа энергетики ; ред. кол. В. Е. Губин, Л. В. Савостьянова, А. О. Жданова [и др.]  |v [С. 226-229]  |d 2021 
610 1 |a электронный ресурс 
610 1 |a труды учёных ТПУ 
610 1 |a проекты 
610 1 |a энергоблоки 
610 1 |a АЭС 
610 1 |a ВВЭР-1300 
610 1 |a атомные электрические станции 
610 1 |a атомные электростанции 
700 0 |a Ahmed Elsayed Abdelsatar Elsayed 
712 0 2 |a Национальный исследовательский Томский политехнический университет  |b Инженерная школа энергетики  |b Научно-образовательный центр И. Н. Бутакова (НОЦ И. Н. Бутакова)  |h 8025  |2 stltpush  |3 (RuTPU)RU\TPU\col\23504 
801 2 |a RU  |b 63413507  |c 20220415  |g RCR 
856 4 |u http://earchive.tpu.ru/handle/11683/70591 
942 |c BK